000 02730nab a2200301 ab4500
005 20260220151006.0
008 251016c2025 cl fr p#o# #00| spa d
003
040 _aMX-MxUPN
_bspa
_cMX-MxUPN
_eaacr2
100 1 _aSans, Danilo
100 1 _aDenegri, Marianela
100 1 _aSchnettler, Berta
100 1 _aQuintano, Felipe
100 1 _aSepúlveda, José
245 1 _aPerfiles de adolescentes chilenos según sus estilos de compra, influencia de pares y materialismo
_h[recurso electrónico en línea]
506 0 _aAcceso abierto
520 3 _aEn Chile, el consumo se ha transformado en el núcleo de la construcción identitaria como consecuencia de la globalización y del modelo neoliberal. Los adolescentes son un segmento destacado de la población en la que impactó este cambio porque constituyen mercados: el presente, el futuro y el de influencia en la familia. Un aspecto clave del comportamiento de consumo es la toma de decisiones de compra, la que se divide en 3 estilos: impulsivo, planificado y compulsivo. El objetivo fue identificar perfiles de adolescentes según sus estilos de compra, determinando si estos difieren por sexo, nivel socioeconómico, tendencia a la influencia de pares y materialismo. El diseño fue cuantitativo no-experimental, correlacional-multivariado. A través de un muestreo por conglomerados bietápico, se seleccionaron 1.108 adolescentes chilenos de ambos sexos residentes en las ciudades de La Serena, Coquimbo, Santiago y Temuco. Se aplicó un cuestionario que incluyó la Escala de Materialismo para Adolescentes, Estilos de Compra y la Escala de Susceptibilidad a la Influencia de los Pares en el Consumo. Por medio de análisis de conglomerados jerárquicos, se identificaron 4 perfiles: compradores compulsivos, planificadores, impulsivos y difusos. Mostraron diferencias significativas según el NSE, tendencia a la influencia de pares y materialismo. No se encontraron diferencias con respecto al sexo, pero si se hallaron relaciones positivas entre materialismo, influencia de pares, compra impulsiva y compra compulsiva y una relación negativa entre compra planificada y materialismo. Se discuten los resultados considerando la importancia de la alfabetización económica para lograr un consumo responsable y planificado.
_cPsykhe
653 _aEstilos de compra
653 _aAdolescentes
653 _aMaterialismo
653 _aConsumo
653 _aInfluencia de pares
773 _gVol. 34, no. 1, (2025), p. 1-15
_tPsykhe
_x0718-2228
856 4 _uhttps://ojs.uc.cl/index.php/psykhe/article/view/48547
856 4 _uhttps://ojs.uc.cl/index.php/psykhe/article/view/48547/67904
902 _aLeonor Sotres/200226
942 _cART-E
999 _c214674
_d214674